000 00699nam a2200205 a 4500
003 BD-DhJNU
005 20250723060339.0
008 250501s2019 ii a b 001 0 eng
040 _aBD-DhJNU
_bENG
_cBD-DhJNU
_dBD-DhJNU
082 0 0 _a954.92 BAN
_223
245 1 0 _aBangladesh national culture and heritage :
_ban introductory reader /
_cedited by A F Salahuddin Ahmed and Bazlur Mobin Chowdhury
260 _aDhaka :
_b,
_c2019.
300 _a466 p. :
_bill. ;
_c21 cm.
504 _aIncludes bibliographical references and index.
650 0 _aNational culture
650 0 _aNational heritage
700 1 _aAhmed, A F Salahuddin
_eEditor
700 1 _aChowdhury, Bazlur Mobin
_eEditor
942 _cBK
999 _c1933
_d1933